3rd ed (Record no. 55994)
[ view plain ]
| 000 -LEADER | |
|---|---|
| fixed length control field | 00606 a2200229 4500 |
| 020 ## - INTERNATIONAL STANDARD BOOK NUMBER | |
| International Standard Book Number | 71-79178-4 |
| 041 ## - LANGUAGE CODE | |
| Language code of text/sound track or separate title | Eng. |
| 082 ## - DEWEY DECIMAL CLASSIFICATION NUMBER | |
| Classification number | 547.358 |
| Item number | Si39s |
| 100 ## - MAIN ENTRY--PERSONAL NAME | |
| Personal name | Silverstein, Robert M. |
| 9 (RLIN) | 2412 |
| 100 ## - MAIN ENTRY--PERSONAL NAME | |
| Personal name | Bassler, Clayton G. |
| 9 (RLIN) | 13823 |
| 100 ## - MAIN ENTRY--PERSONAL NAME | |
| Personal name | Morrill, Terence C. |
| 9 (RLIN) | 2414 |
| 245 ## - TITLE STATEMENT | |
| Title | 3rd ed |
| 260 ## - PUBLICATION, DISTRIBUTION, ETC. | |
| Place of publication, distribution, etc. | New York |
| Name of publisher, distributor, etc. | John Wiley and sons |
| Date of publication, distribution, etc. | 1974 |
| 300 ## - PHYSICAL DESCRIPTION | |
| Extent | 339p. illus |
| 504 ## - BIBLIOGRAPHY, ETC. NOTE | |
| Bibliography, etc. note | Includes bibliographies |
| 650 ## - SUBJECT ADDED ENTRY--TOPICAL TERM | |
| Topical term or geographic name entry element | Spectrometer |
| 9 (RLIN) | 13824 |
| 650 ## - SUBJECT ADDED ENTRY--TOPICAL TERM | |
| Topical term or geographic name entry element | Spectrum analysis |
| 9 (RLIN) | 2416 |
| 650 ## - SUBJECT ADDED ENTRY--TOPICAL TERM | |
| Topical term or geographic name entry element | Oganic chemistry |
| 9 (RLIN) | 13825 |
| 650 ## - SUBJECT ADDED ENTRY--TOPICAL TERM | |
| Topical term or geographic name entry element | Compounds |
| 9 (RLIN) | 7837 |
| 653 ## - INDEX TERM--UNCONTROLLED | |
| Uncontrolled term | Chemistry |
| 942 ## - ADDED ENTRY ELEMENTS (KOHA) | |
| Source of classification or shelving scheme | Dewey Decimal Classification |
| Koha item type | General Collections |
| Withdrawn status | Lost status | Source of classification or shelving scheme | Damaged status | Not for loan | Home library | Current library | Date acquired | Total Checkouts | Total Renewals | Full call number | Barcode | Date last seen | Date last checked out | Price effective from | Koha item type |
|---|---|---|---|---|---|---|---|---|---|---|---|---|---|---|---|
| Dewey Decimal Classification | Tribhuvan University Central Library | Tribhuvan University Central Library | 01/31/2011 | 5 | 4 | 547.358 Si39s | 77278 | 01/24/2025 | 01/01/2025 | 01/31/2011 | General Collections |
